000 00803cab a2200229 4500
001 WB3519-12
008 090401t1999 xxu||||| |||| 00| 0 eng d
035 _a(Sirsi) u93385
041 _aeng
245 _aLoans top 1991 record
260 _c1999
350 _a0
490 _aEstates Gazette
_v(9919) 15 May 1999, 49(1)
520 _aFigures released by the Bank of England indicate that bank lending on commercial property rose to £41.3bn in the first three months of 1999, exceeding the previous all-time high recorded in 1991. Graph.
650 _aBANK LENDING
650 _aBANK LOANS
650 _aBANK OF ENGLAND
650 _aPROPERTY-COMMERCIAL PROPERTY
690 _aPROPERTY-COMMERCIAL PROPERTY-COMMERCIAL PROPERTY FINANCE AND INVESTMENT
942 _n0
948 _c18/05/1999
999 _c59188
_d59188